00358nam a2200133 a 450000500170000000800410001702000180005805000270007610000160010324500340011926000350015330000080018865000280019620140414131845.0110310s19uu xx 00 eng d a9781400314645 aM 220.9'505bE522 2009 aEllis, Gwen aRead and share toddler Bible. aChina :bThomas Nelson,c2009. a191 aBible stories, English.